01220nac a22002771u 4500010001700000020003600017082001700053090001500070100003400085245005000119260003500169300003500204500004000239500002600279504005100305511002600356650002900382700002100411856009800432856009000530856007800620942001900698999001500717952010500732952010500837 a 2001045521 a047132244X (cloth : alk. paper)00a621.381bZHU c7037d7037 a20080729 00aVacuum microelectronics /cedited by Wei Zhu. aNew York :bWiley,2001cc2001. axiii, 396 p. :bill. ;c25 cm. a"A Wiley interscience publication." adistributer: Al-Ahram aIncludes bibliographical references and index. acatalogued by: wessam 0aVacuum microelectronics.1 aZhu, Wei,d1963-423Contributor biographical informationuhttp://www.loc.gov/catdir/bios/wiley042/2001045521.html423Publisher descriptionuhttp://www.loc.gov/catdir/description/wiley034/2001045521.html423Table of contentsuhttp://www.loc.gov/catdir/toc/wiley021/2001045521.html cBBk621.381ZHU c7037d7037 00104070aMAINbMAINc1STd2011-12-07ePurchasel0o621.381ZHUp000008320r2025-07-15 00:00:00yBB 00104070aMAINbMAINc1STd2007-12-11ePurchasel0o621.381ZHUp000009895r2025-07-15 00:00:00yBB